[Event "5th POL-HUN Open 2017"]
[Site "Katowice POL"]
[Date "2017.05.20"]
[Round "2.7"]
[White "Grossmann,R"]
[Black "Klekowski,M"]
[Result "0-1"]
[WhiteElo "2065"]
[BlackElo "2473"]

1.c4 e5 2.Nc3 Nc6 3.e3 Bb4 4.Qc2 Nf6 5.d3 O-O 6.Nf3 d6 7.Bd2 Re8 8.Be2 Bf5
9.O-O h6 10.Rfe1 a5 11.Rac1 Bc5 12.a3 Qd7 13.Ne4 Nxe4 14.dxe4 Bh7 15.Bc3 a4
16.Nd2 Rf8 17.Bf3 Nd8 18.Nf1 Ne6 19.Bg4 Qe7 20.Ng3 g6 21.Re2 h5 22.Bxe6 Qxe6
23.Qd3 h4 24.Nf1 g5 25.h3 Bg6 26.Nh2 Kh7 27.Kh1 f5 28.exf5 Rxf5 29.Qd5 Qxd5
30.cxd5 e4 31.Rd1 Raf8 32.Ng4 Bh5 33.Kg1 Be8 34.Red2 Kg6 35.Bd4 Rxd5 36.Bxc5
Rxc5 37.Rd4 Bc6 38.R1d2 Rc1+ 39.Kh2 Rf5 40.g3 Rf3 41.Kg2 Rf5 42.Rd1 Rc2
43.R4d2 Rfc5 44.Nh2 Bb5 45.gxh4 gxh4 46.f3 Be2 47.Rxc2 Rxc2 48.Rd4 Bxf3+
49.Kg1 Rg2+ 50.Kh1 Rg3+ 51.Nxf3 exf3 52.Rf4 b5 53.Kh2 Rg2+ 54.Kh1 Rxb2 55.Rxh4
b4 56.Rg4+ Kh5 {#R} 0-1

[Event "5th POL-HUN Open 2017"]
[Site "Katowice POL"]
[Date "2017.05.20"]
[Round "2.8"]
[White "Gdanski,J"]
[Black "Brylski,P"]
[Result "1-0"]
[WhiteElo "2474"]
[BlackElo "2038"]

1.e4 c5 2.Nc3 Nc6 3.Nf3 e6 4.d4 cxd4 5.Nxd4 Nf6 6.Nxc6 bxc6 7.Bd3 d5 8.O-O Bc5
9.Qe2 Qc7 10.Bg5 Bb7 11.Kh1 d4 12.Na4 Bd6 13.f4 h6 14.Bxf6 gxf6 15.f5 Qa5
16.b3 Qe5 17.Qh5 O-O-O 18.Nb2 Bb8 19.Nc4 Qc7 20.fxe6 fxe6 21.Rxf6 Rhg8 22.Rf7
Rd7 23.Raf1 Rg5 24.Rf8+ Rd8 25.Qxh6 Rg7 26.Rxd8+ Kxd8 27.Rf8+ {#r} 1-0

[Event "5th POL-HUN Open 2017"]
[Site "Katowice POL"]
[Date "2017.05.20"]
[Round "2.10"]
[White "Klepek,Witold"]
[Black "Sadzikowski,D"]
[Result "1-0"]
[WhiteElo "2111"]
[BlackElo "2548"]

1.e4 c5 2.Nf3 d6 3.d4 cxd4 4.Nxd4 Nf6 5.Nc3 a6 6.a3 Nc6 7.Be3 Ng4 8.Qd2 Nxe3
9.Qxe3 e6 10.Be2 Be7 11.Nxc6 bxc6 12.O-O O-O 13.Rfd1 Rb8 14.b4 a5 15.b5 cxb5
16.Nxb5 Qb6 17.Qg3 Rd8 18.Rab1 Qc5 19.c4 Bb7 20.Qd3 Ba8 21.Bf3 Rbc8 22.Rbc1
Bc6 23.Rb1 Be8 24.Be2 Bc6 25.Bf3 g6 26.g3 Ba8 27.Rdc1 Bg5 28.Rc3 Bf6 29.Rcc1
Be5 30.Kg2 Kg7 31.Qd2 Qb6 32.h4 h5 33.Qg5 Bf6 34.Qd2 Rc5 35.Qe3 Qc6 36.Na7 Qa6
37.Nb5 Rdc8 38.Be2 Qc6 39.f3 g5 40.Na7 Qd7 41.Nxc8 Qxc8 42.hxg5 Bxg5 43.f4 Bf6
44.Bd3 e5 45.Rb5 exf4 46.Rxc5 dxc5 47.gxf4 Bd4 48.Qg3+ Kf8 49.Kf3 Qd7 50.Ke2
Bb2 51.Rb1 Qd4 52.Qe3 Bc6 53.Qxd4 Bxd4 54.Rh1 f5 55.Kf3 fxe4+ 56.Bxe4 Be8
57.Bd5 Kg7 58.Ke4 Kf6 59.f5 Bf2 60.Rh2 Bg3 61.Rb2 h4 62.Rb6+ Kg5 63.Re6 Bh5
64.f6 h3 65.Ke3 h2 66.Rc6 a4 67.Bg2 Bf7 68.Rxc5+ Kxf6 69.Ra5 Bxc4 70.Rxa4 Be6
71.Ra5 Ke7 72.Rg5 Bb8 73.a4 Ba7+ 74.Kd3 Kd6 75.Rh5 Bg1 76.a5 Bc8 77.Kc3 Kc7
78.Rh6 Kb8 79.Kb4 Ka7 80.Rh7+ Kb8 81.Kb5 Bf5 82.Rb7+ Kc8 83.Rf7 Bd3+ 84.Kc6
Kd8 85.Kb7 Bc4 86.Rh7 Bd3 87.Rh3 Bf1 88.Rh8+ Ke7 89.Bh1 Kf6 90.a6 Kg7 91.Rc8
Kh6 92.a7 Bxa7 93.Kxa7 Bd3 94.Kb6 Bh7 95.Kc5 Kg5 96.Kd4 {#r} 1-0

[Event "5th POL-HUN Open 2017"]
[Site "Katowice POL"]
[Date "2017.05.20"]
[Round "2.13"]
[White "Lis,Mateusz"]
[Black "Lewtak,Da"]
[Result "0-1"]
[WhiteElo "2139"]
[BlackElo "2319"]

1.e4 c5 2.Nf3 d6 3.d4 cxd4 4.Nxd4 Nf6 5.Nc3 Nc6 6.f3 e5 7.Nb3 Be7 8.Be3 O-O
9.Qd2 a5 10.Bb5 Be6 11.Rd1 Na7 12.Bg5 Nxb5 13.Nxb5 Qb6 14.a4 Rfc8 15.Be3 Qd8
16.Qf2 Ra6 17.Na7 Rc4 18.Nc5 Rxc5 19.Bxc5 Qe8 20.Be3 Qxa4 21.b3 Qd7 22.Qe2 a4
23.bxa4 Qxa4 24.Qf2 d5 25.exd5 Nxd5 26.Nc8 Bb4+ 27.Kf1 Qc6 28.Na7 Qc4+ 29.Kg1
h6 {#R} 0-1

[Event "5th POL-HUN Open 2017"]
[Site "Katowice POL"]
[Date "2017.05.20"]
[Round "2.14"]
[White "Bednarek,S"]
[Black "Talik,Patryk"]
[Result "1-0"]
[WhiteElo "2309"]
[BlackElo "2051"]

1.e4 e6 2.d4 d5 3.e5 c5 4.c3 Nc6 5.Nf3 Qb6 6.a3 Bd7 7.b4 cxd4 8.cxd4 Nge7
9.Nc3 Nf5 10.Na4 Qc7 11.Bb2 Be7 12.Bd3 O-O 13.O-O Rfc8 14.Rc1 Qd8 15.Nc5 Bxc5
16.dxc5 Nce7 17.Qd2 a6 18.Rfd1 Qe8 19.Bb1 Bc6 20.Ng5 h6 21.Nf3 Ng6 22.Bxf5
exf5 23.Re1 Nf8 24.Nd4 Bd7 25.e6 fxe6 26.Nxf5 Qg6 27.Ne7+ {#r} 1-0

[Event "5th POL-HUN Open 2017"]
[Site "Katowice POL"]
[Date "2017.05.20"]
[Round "2.22"]
[White "Baum,Jonasz"]
[Black "Cukrowski,F"]
[Result "0-1"]
[WhiteElo "2085"]
[BlackElo "2431"]

1.e4 c5 2.Nf3 Nc6 3.Nc3 d6 4.d4 cxd4 5.Nxd4 Nf6 6.Bc4 e5 7.Nde2 Be6 8.Bb3 Be7
9.Bg5 O-O 10.Bxf6 Bxf6 11.O-O Kh8 12.Nd5 Bg5 13.Kh1 f5 14.f4 Bh6 15.exf5 Bxf5
16.Ng3 exf4 17.Nxf4 Bxf4 18.Rxf4 Bg6 19.Rxf8+ Qxf8 20.Qd2 Ne5 21.Qd4 b6 22.Rd1
Rd8 23.a4 Qe7 24.Rf1 h6 25.Nf5 Qf6 26.Ne3 Qg5 27.Qf4 Qxf4 28.Rxf4 Re8 29.Rf1
h5 30.h3 Kh7 31.Rd1 Nd3 32.cxd3 Rxe3 33.Bc4 Be8 34.b3 Bc6 35.d4 Rxh3+ 36.Kg1
Rc3 37.d5 Bd7 38.Re1 Bxa4 39.Rb1 Bd7 40.Re1 b5 41.Bf1 Rxb3 42.Re7 Bf5 43.Rxa7
Bd3 44.Rd7 Rb1 45.Rf7 Rxf1+ 46.Rxf1 Bxf1 47.Kxf1 Kg6 48.Ke2 Kf5 {#R} 0-1

[Event "5th POL-HUN Open 2017"]
[Site "Katowice POL"]
[Date "2017.05.20"]
[Round "2.31"]
[White "Szczurek,Krzysztof"]
[Black "Kaczmarek,Ale"]
[Result "0-1"]
[WhiteElo "2068"]
[BlackElo "2363"]

1.Nf3 g6 2.g3 Bg7 3.Bg2 c5 4.c4 Nc6 5.O-O e5 6.Nc3 Nge7 7.e4 d6 8.d3 Be6 9.Rb1
h6 10.a3 Qd7 11.b4 Bg4 12.Ne2 b6 13.Kh1 O-O 14.Nfg1 Nd4 15.f3 Nxe2 16.Qxe2 Be6
17.Be3 Rad8 18.Qd2 Kh7 19.b5 f5 20.f4 fxe4 21.Bxe4 d5 22.cxd5 Bxd5 23.Rfd1 Nf5
24.fxe5 Bxe4+ 25.dxe4 Qb7 {#R} 0-1

[Event "5th POL-HUN Open 2017"]
[Site "Katowice POL"]
[Date "2017.05.20"]
[Round "2.34"]
[White "Piotrowski,P"]
[Black "Czernek,Tymon"]
[Result "1-0"]
[WhiteElo "2335"]
[BlackElo "2012"]

1.d4 d5 2.Nf3 Nc6 3.g3 Bg4 4.Bg2 Nf6 5.O-O e6 6.c4 Be7 7.Nbd2 O-O 8.b3 Ne4
9.Bb2 f5 10.h3 Bh5 11.Rc1 a5 12.a3 Bf6 13.Ne5 Nxe5 14.dxe5 Bg5 15.f4 Nxg3
16.fxg5 Nxe2+ 17.Kh2 Qxg5 18.Nf3 Qg3+ 19.Kh1 Nf4 20.Rc2 dxc4 21.Qe1 Qxe1
22.Nxe1 Nxg2 23.Nxg2 f4 24.Rxf4 Rxf4 25.Nxf4 Bf3+ 26.Kh2 Re8 27.Rxc4 c6 28.Rc5
b6 29.Rc3 Be4 30.Rc4 Bf3 31.Kg3 Bh1 32.Rc1 Be4 33.Re1 Bc2 34.Rc1 Be4 35.Kf2 c5
36.Ke3 Bb7 37.b4 g5 38.Nh5 Rc8 39.Nf6+ Kg7 40.bxc5 bxc5 41.Ne4 Bxe4 42.Kxe4
Rb8 43.Rc2 Rb3 44.Bc1 Kg6 45.Rxc5 Rxh3 46.Rxa5 Rh4+ 47.Kf3 Kf5 48.a4 Rc4
49.Be3 g4+ 50.Kg2 Rc2+ 51.Bf2 h5 52.Kf1 Rc1+ 53.Ke2 Rc2+ 54.Ke3 Rc3+ 55.Kd2
Rf3 56.Ke2 Ra3 57.Ra8 g3 58.Bc5 Rc3 59.Bd4 Rc4 60.Kd3 Rc1 61.a5 Rd1+ 62.Kc3
Ke4 63.Bb6 h4 64.Rh8 Rd3+ 65.Kc2 Ra3 66.Rxh4+ Kf3 67.Kb2 Rd3 68.Rd4 Re3 69.Rd2
Rxe5 70.Rd3+ Kg2 71.a6 Re2+ 72.Kc3 Kh2 73.Rd2 Rxd2 74.Kxd2 g2 75.a7 g1=Q
76.Bxg1+ Kxg1 77.a8=Q e5 78.Ke3 {#r} 1-0

[Event "5th POL-HUN Open 2017"]
[Site "Katowice POL"]
[Date "2017.05.20"]
[Round "2.35"]
[White "Vodila,Martin Botond"]
[Black "Zochowski,K"]
[Result "0-1"]
[WhiteElo "2081"]
[BlackElo "2259"]

1.e4 c5 2.Nf3 d6 3.d4 cxd4 4.Qxd4 Bd7 5.Nc3 Nc6 6.Qd1 Nf6 7.Bg5 h6 8.Bxf6 gxf6
9.Bc4 Rg8 10.Nh4 Ne5 11.Bb3 e6 12.g3 b5 13.f4 Ng4 14.Qf3 Qb6 15.Ng2 Nxh2
16.Qe3 Qxe3+ 17.Nxe3 Ng4 18.Nxg4 Rxg4 19.Kf2 Bc6 20.Rhe1 Kd7 21.Rad1 h5 22.Rh1
b4 23.Ne2 Bxe4 24.Rxh5 Be7 25.Rd4 d5 26.Rd2 Bc5+ 27.Kf1 Be3 28.Rd1 Rag8 29.Rh3
Ke7 30.c3 bxc3 31.bxc3 Bxf4 {#R} 0-1

[Event "5th POL-HUN Open 2017"]
[Site "Katowice POL"]
[Date "2017.05.20"]
[Round "3.1"]
[White "Azarov,S"]
[Black "Piotrowski,P"]
[Result "1-0"]
[WhiteElo "2582"]
[BlackElo "2335"]

1.e4 c5 2.Nf3 d6 3.d4 cxd4 4.Nxd4 Nf6 5.Nc3 Nc6 6.Bc4 e6 7.Be3 a6 8.f4 Nxd4
9.Qxd4 b5 10.Bb3 Be7 11.O-O Ng4 12.Qxg7 Nxe3 13.Qxh8+ Bf8 14.Rf3 Qb6 15.Kh1
Bb7 16.Qxh7 Rc8 17.Re1 Nc4 18.f5 e5 19.Qg8 Qd8 20.f6 d5 21.exd5 Qd6 22.Rf5
{#r} 1-0

[Event "5th POL-HUN Open 2017"]
[Site "Katowice POL"]
[Date "2017.05.20"]
[Round "3.2"]
[White "Zochowski,K"]
[Black "Mastrovasilis,D"]
[Result "0-1"]
[WhiteElo "2259"]
[BlackElo "2580"]

1.e4 c5 2.Nf3 e6 3.d4 cxd4 4.Nxd4 Nc6 5.Nxc6 bxc6 6.Bd3 Nf6 7.Nd2 d5 8.c4 Be7
9.O-O O-O 10.cxd5 cxd5 11.e5 Nd7 12.Nf3 Nc5 13.Be3 Nxd3 14.Qxd3 Qa5 15.Rfc1
Ba6 16.Qd4 Be2 17.Nd2 Rfb8 18.a3 Qb5 19.b4 a5 20.bxa5 Qxa5 21.Rc3 Rb4 22.Nb3
Rxd4 23.Nxa5 Ra4 24.Nc6 Bxa3 25.Nd4 Bc4 26.h3 h6 27.Rc2 Bb4 28.Rxa4 Rxa4
29.Nc6 Ra1+ 30.Kh2 Ba3 31.Nd4 Rd1 32.Nf3 Kh7 33.Nd2 Bb5 34.Ra2 Bb4 35.Rb2 Bc3
36.Rxb5 Bxd2 37.Ba7 Bf4+ 38.g3 Bxe5 39.Rb7 Kg6 40.Kg2 Bd4 41.Bxd4 Rxd4 42.h4
Kf6 43.Ra7 Rc4 44.Rd7 g5 45.hxg5+ hxg5 46.Kf3 g4+ 47.Ke3 Kg6 48.Rd6 Kf5 49.Ke2
Ke4 {#R} 0-1

[Event "5th POL-HUN Open 2017"]
[Site "Katowice POL"]
[Date "2017.05.20"]
[Round "3.4"]
[White "Masternak,A"]
[Black "Pakleza,Z"]
[Result "0-1"]
[WhiteElo "2188"]
[BlackElo "2480"]

1.Nf3 d5 2.d4 Bf5 3.c4 e6 4.Nc3 c6 5.Qb3 Qb6 6.c5 Qc7 7.Bf4 Qc8 8.e3 Nd7 9.Nh4
Bg6 10.Nxg6 hxg6 11.Be2 Ngf6 12.Qc2 Be7 13.O-O Bd8 14.b4 a6 15.a4 Bc7 16.b5 g5
17.Bxc7 Qxc7 18.g3 g6 19.bxc6 bxc6 20.Rfb1 e5 21.Qb2 O-O 22.Qb7 Qa5 23.Qb4 Qd8
24.a5 Ra7 25.Na4 Re8 26.Bf1 g4 27.Nb6 Nf8 28.Rb2 exd4 29.exd4 Ne4 30.Re1 Ne6
31.h4 gxh3 32.Bxh3 Qf6 33.Rd1 N6g5 34.Bg2 Rae7 35.Re1 Kg7 36.Rbe2 Rh8 37.Qb3
Qf5 38.f4 Nh3+ 39.Bxh3 Rxh3 40.Rg2 Qh5 {#R} 0-1

[Event "5th POL-HUN Open 2017"]
[Site "Katowice POL"]
[Date "2017.05.20"]
[Round "3.5"]
[White "Mista,A"]
[Black "Kubica,K"]
[Result "1-0"]
[WhiteElo "2606"]
[BlackElo "2132"]

1.e4 e5 2.Nf3 Nc6 3.Bb5 a6 4.Ba4 Nf6 5.O-O Nxe4 6.d4 b5 7.Bb3 d5 8.dxe5 Be6
9.Be3 Bc5 10.Qe2 O-O 11.Nbd2 Nxd2 12.Qxd2 d4 13.Bg5 Qd7 14.Rfe1 Bb4 15.c3 dxc3
16.bxc3 Qxd2 17.Bxd2 Bc5 18.Ng5 Bxb3 19.axb3 Rfe8 20.b4 Bb6 21.Nf3 a5 22.bxa5
Nxa5 23.Bf4 Nc4 24.h4 h6 25.g4 Ba5 26.Rac1 Rad8 27.Re4 Rd5 28.Nd4 Nxe5 29.Bxe5
f6 30.Bxc7 Rxe4 31.Bxa5 Rxg4+ 32.Kf1 Rxh4 33.Ke2 Re4+ 34.Kd3 f5 35.Rb1 g5
36.f3 Rh4 37.Re1 Kf7 38.Bb4 Rf4 39.Re7+ Kf6 40.Re6+ Kg7 41.Ke3 Rh4 42.Bd6 Rh3
43.Be5+ Kf7 44.Rf6+ Ke8 45.Rxf5 g4 46.Ke4 Rc5 47.fxg4 Rhxc3 48.Rf6 b4 49.Rxh6
Rc1 50.Nf3 Rf1 51.Bd6 Rc4+ 52.Nd4 b3 53.Rh2 Rd1 54.Be5 Kf7 55.Rb2 Rb4 56.g5
Kg6 57.Bf6 Re1+ 58.Kd5 Rd1 59.Kc5 Rb8 60.Nf3 Rc1+ 61.Kd5 Rc2 62.Ne5+ Kf5
63.Rb1 Rb5+ 64.Kd4 Rb7 65.Rf1+ Ke6 66.Nd3 Rd7+ 67.Ke3 Rh2 68.Nc5+ Kd6 69.Nxd7
Kxd7 70.g6 Ke6 71.g7 Rg2 72.Bc3 Rg3+ 73.Kd2 Rg2+ 74.Kd3 Kd5 75.Rf5+ Ke6 76.Rf8
b2 77.Bxb2 Rg3+ 78.Kc4 Rg4+ 79.Bd4 {#r} 1-0

[Event "5th POL-HUN Open 2017"]
[Site "Katowice POL"]
[Date "2017.05.20"]
[Round "3.7"]
[White "Klekowski,M"]
[Black "Dzierzak,Radoslaw"]
[Result "1-0"]
[WhiteElo "2473"]
[BlackElo "2260"]

1.c4 Nf6 2.Nc3 e6 3.Nf3 c5 4.g3 b6 5.Bg2 Bb7 6.O-O Be7 7.Re1 O-O 8.e4 d6 9.d4
cxd4 10.Nxd4 Qc8 11.b3 Rd8 12.Ba3 Nbd7 13.Rc1 Nc5 14.b4 Ncd7 15.f4 a5 16.Nd5
Bf8 17.Nxf6+ Nxf6 18.b5 e5 19.Nf5 Qc7 20.Ne3 Rac8 21.f5 Qb8 22.Qd3 Nxe4
23.Bxe4 Bxe4 24.Qxe4 d5 25.Nxd5 Bxa3 26.Rcd1 f6 27.Rd3 Bc5+ 28.Kh1 Kh8 29.g4
Bd4 30.Rc1 Rc5 31.Ne7 Qc7 32.Nc6 Rxc6 33.bxc6 Rd6 34.a4 Qxc6 35.Qxc6 Rxc6
36.Kg2 Kg8 37.Kf3 Kf7 38.Ke4 Ke7 39.Rb3 h6 40.Rc2 Kd6 41.h4 Ke7 42.Rg3 Kf7
43.g5 fxg5 44.hxg5 hxg5 45.Rxg5 Rh6 46.Rcg2 Rh7 47.Rg6 Kf8 48.Rc6 Rh4+ 49.Kd5
Rh5 50.Ke6 Rh6+ 51.Rg6 Kg8 52.Rxh6 gxh6 53.f6 e4 54.Rc8+ Kh7 55.f7 {#r} 1-0

[Event "5th POL-HUN Open 2017"]
[Site "Katowice POL"]
[Date "2017.05.20"]
[Round "3.8"]
[White "Woloch,Oskar"]
[Black "Gdanski,J"]
[Result "0-1"]
[WhiteElo "2226"]
[BlackElo "2474"]

1.d4 Nf6 2.Nc3 d5 3.Bf4 a6 4.e3 c5 5.Nf3 Nc6 6.a3 Bg4 7.Be2 e6 8.O-O Bd6
9.dxc5 Bxc5 10.Na4 Be7 11.h3 Bh5 12.Ne5 Bxe2 13.Qxe2 Nxe5 14.Bxe5 O-O 15.b3
Rc8 16.Bb2 Qa5 17.Bd4 Nd7 18.e4 b5 19.Nb2 dxe4 20.Qxe4 Nf6 21.Qe2 Rfd8 22.b4
Qc7 23.c3 Nd5 24.Rac1 Nf4 25.Qe4 Ng6 26.c4 Qf4 27.Qxf4 Nxf4 28.Bb6 Rd2 29.Rb1
bxc4 30.Be3 Ne2+ 31.Kh1 Rc2 32.Na4 Nc3 33.Nxc3 Rxc3 34.a4 Rb3 35.Rxb3 cxb3
36.Rb1 Bxb4 37.Rxb3 a5 38.Rd3 h6 39.Rd7 Bc3 40.Bb6 Rc4 41.Rc7 Rxc7 42.Bxc7 Kf8
43.Kg1 Ke7 44.Kf1 Kd7 45.Bb8 Kc6 46.Ke2 Kd5 47.Kd3 Bd4 48.f4 Bb6 49.Be5 g6
50.g4 h5 51.g5 Bc5 52.Bc3 Bd6 53.Bd2 Bc7 54.Bc1 Bb6 55.Bd2 Bc7 56.Bc1 Bd8
57.Be3 Bc7 58.Bd2 Kc5 59.Kc3 e5 60.fxe5 Bxe5+ 61.Kd3 Bc7 62.Bc3 Bd8 63.Bd2 Bc7
64.Kc3 Kd5 65.Kd3 Bb6 66.Bf4 Bc5 67.Bd2 Be7 68.Bf4 Bb4 69.Bg3 Be7 70.Bf4 Kc5
71.Bd2 Bd8 72.Kc3 Kd5 73.Kd3 Ke5 74.Kc4 Kf5 75.Kb5 Bxg5 76.Bxg5 Kxg5 77.Kxa5
f5 78.Kb4 f4 79.Kc3 Kh4 80.Kd2 Kg3 81.a5 f3 82.a6 f2 83.a7 f1=Q 84.a8=Q Qg2+
{#R} 0-1

[Event "5th POL-HUN Open 2017"]
[Site "Katowice POL"]
[Date "2017.05.20"]
[Round "3.9"]
[White "Kanarek,M"]
[Black "Renkowski,P"]
[Result "1-0"]
[WhiteElo "2519"]
[BlackElo "2096"]

1.e4 e5 2.Nf3 Nc6 3.Bb5 a6 4.Ba4 Nf6 5.O-O b5 6.Bb3 Be7 7.Re1 d6 8.c3 O-O 9.h3
Na5 10.Bc2 c5 11.d4 Qc7 12.Nbd2 Re8 13.Nf1 Bf8 14.Bg5 Nd7 15.Ne3 Nc4 16.Nxc4
bxc4 17.d5 Rb8 18.Ba4 Rxb2 19.Nd2 Be7 20.Nxc4 Rb8 21.Be3 Rf8 22.f4 Bf6 23.Bxd7
Bxd7 24.fxe5 Bxe5 25.Nxe5 dxe5 26.Qe2 c4 27.Rab1 f5 28.Rxb8 Rxb8 29.exf5 Bxf5
30.Bf2 Rb1 31.Rxb1 Bxb1 32.Qd1 Qb7 33.d6 Bd3 34.Qa4 Kf7 35.d7 Qc7 36.Qc6 Qd8
{#r} 1-0

[Event "5th POL-HUN Open 2017"]
[Site "Katowice POL"]
[Date "2017.05.20"]
[Round "3.12"]
[White "Lewtak,Da"]
[Black "Dziodzio,A"]
[Result "1-0"]
[WhiteElo "2319"]
[BlackElo "2080"]

1.e4 c5 2.Nf3 d6 3.Bb5+ Bd7 4.Bxd7+ Qxd7 5.O-O Nc6 6.c3 Nf6 7.Qe2 e5 8.Na3 Be7
9.Nc2 O-O 10.d4 Rfe8 11.d5 Nb8 12.Nd2 Bf8 13.a4 a5 14.Nc4 Qc7 15.N4a3 Nbd7
16.Nb5 Qd8 17.Nca3 Nb6 18.Bg5 Rc8 19.Nc4 Nxc4 20.Qxc4 h6 21.Bxf6 Qxf6 22.Rad1
g6 23.Qe2 Qg5 24.Qe3 Qxe3 25.fxe3 c4 26.Kf2 h5 27.Ke2 Red8 28.Kd2 Rd7 29.Kc2
Be7 30.Rf3 Bd8 31.Ra1 Bb6 32.b3 cxb3+ 33.Kxb3 Kg7 34.Kc2 Bc5 35.Kd3 Rf8
36.Raf1 Re7 37.R3f2 f6 38.Rb2 f5 39.Ra1 f4 40.exf4 Rxf4 41.Na3 Ref7 42.Nc4 Rf2
43.Rab1 b6 44.Rxf2 Rxf2 45.Rb2 Rxb2 46.Nxb2 Kf6 47.Ke2 g5 48.Nd3 Bg1 {#r} 1-0

[Event "5th POL-HUN Open 2017"]
[Site "Katowice POL"]
[Date "2017.05.20"]
[Round "3.14"]
[White "Reza,W"]
[Black "Rak,T"]
[Result "1-0"]
[WhiteElo "2258"]
[BlackElo "2055"]

1.d4 d5 2.Bf4 c5 3.c3 Nc6 4.e3 Nf6 5.Nf3 Qb6 6.Qb3 c4 7.Qc2 Bf5 8.Qc1 Qd8
9.Nbd2 e6 10.Nh4 Be4 11.Nhf3 Bg6 12.Be2 b5 13.b3 Be7 14.O-O O-O 15.Ne5 Nxe5
16.Bxe5 Nd7 17.Bg3 Qb6 18.Qb2 Rfc8 19.Rac1 a5 20.Bf3 Bd3 21.Rfe1 Ra6 22.e4
dxe4 23.Bxe4 Bxe4 24.Nxe4 Nf6 25.Nxf6+ Bxf6 26.Rcd1 b4 27.bxc4 Rxc4 28.cxb4
Rxd4 29.Rxd4 Bxd4 30.Qc2 Ra8 31.bxa5 Qxa5 32.Re2 Bf6 33.h3 g6 34.Qb3 Kg7
35.Kh2 Rc8 36.Rc2 Rc3 37.Rxc3 Bxc3 38.a4 e5 39.Qc4 f5 40.f3 Qb4 41.Qxb4 Bxb4
42.Bxe5+ Kf7 43.Kg3 Ke6 44.Bb8 Kd5 45.Bf4 Be1+ 46.Kh2 Kc4 47.Bc7 Bf2 48.g4
fxg4 49.hxg4 h5 50.Kh3 hxg4+ 51.Kxg4 Be3 52.Bf4 Bd4 53.Bd2 Bf6 54.Kf4 Kc5
55.Ke4 Bg7 {#r} 1-0

[Event "5th POL-HUN Open 2017"]
[Site "Katowice POL"]
[Date "2017.05.20"]
[Round "3.16"]
[White "Nasuta,G"]
[Black "Samborski,H"]
[Result "1-0"]
[WhiteElo "2454"]
[BlackElo "2117"]

1.e4 c5 2.Nf3 d6 3.Bb5+ Bd7 4.Bxd7+ Nxd7 5.O-O g6 6.c3 Ngf6 7.Qe2 Bg7 8.d4 O-O
9.e5 Ne8 10.e6 Ndf6 11.exf7+ Rxf7 12.Ng5 Nc7 13.Nxf7 Kxf7 14.dxc5 dxc5 15.Rd1
Qc8 16.Qc4+ Ne6 17.Nd2 Nd7 18.Nf3 Bf6 19.Ng5+ Bxg5 20.Bxg5 Qc6 21.Qh4 Nxg5
22.Qxg5 Nf6 23.Qe5 h5 24.Re1 e6 25.Rad1 Ne8 26.Rd3 Ng7 27.Red1 Nf5 28.Rd7+ Kg8
29.Qf6 e5 30.Rd8+ {#r} 1-0

[Event "5th POL-HUN Open 2017"]
[Site "Katowice POL"]
[Date "2017.05.20"]
[Round "3.17"]
[White "Jelonek,M"]
[Black "Janik,Igor"]
[Result "0-1"]
[WhiteElo "2095"]
[BlackElo "2422"]

1.Nf3 d6 2.c4 g6 3.Nc3 Bg7 4.g3 Nf6 5.Bg2 O-O 6.O-O c6 7.Rb1 a5 8.a3 e5 9.d3
h6 10.c5 Na6 11.cxd6 Qxd6 12.Nd2 Be6 13.Nde4 Nxe4 14.Nxe4 Qe7 15.Bd2 f5 16.Nc3
Nc7 17.Qc2 Rfd8 18.Na4 Bf7 19.Be3 Nb5 20.Bc5 Qf6 21.e3 h5 22.Nb6 Ra6 23.Nc4
Kh7 24.a4 Nc7 25.b4 axb4 26.Rxb4 b5 27.axb5 cxb5 28.Nb2 e4 29.dxe4 fxe4 30.Bd4
Qe7 31.Bxg7 Qxb4 32.Qxc7 Kxg7 33.Qxd8 Qxb2 34.Bxe4 b4 35.Qc7 Rf6 36.Bd5 b3
37.Qb7 Qc2 38.Be4 Qd2 39.h3 h4 40.g4 Qa5 41.Rb1 Rb6 42.Qe7 b2 43.Qxh4 Qe5
44.g5 Ba2 45.Qh6+ Kf7 46.Qh7+ Kf8 47.Qh6+ Ke7 48.Qh7+ Bf7 49.f3 Qxg5+ 50.Kf2
Qe5 51.Kg2 Rd6 52.Qh4+ g5 53.Qf2 Rb6 54.Rd1 Bb3 55.Re1 Bd5 56.Bb1 Rh6 57.Qd2
Bxf3+ 58.Kg1 Qg3+ 59.Kf1 Qxh3+ 60.Kg1 Qg3+ 61.Kf1 Rh1# 0-1

[Event "5th POL-HUN Open 2017"]
[Site "Katowice POL"]
[Date "2017.05.20"]
[Round "3.18"]
[White "Lukasiewicz,Krzysztof"]
[Black "Przedmojski,R"]
[Result "0-1"]
[WhiteElo "2098"]
[BlackElo "2355"]

1.e4 c5 2.Nf3 Nc6 3.d4 cxd4 4.Nxd4 e5 5.Nb5 d6 6.c4 Be6 7.N1c3 a6 8.Na3 Rc8
9.Nc2 Be7 10.Be2 Bg5 11.O-O Bxc1 12.Rxc1 Nf6 13.Qd2 O-O 14.Rfd1 Qb6 15.b3 Rfd8
16.h3 Ne7 17.Ne3 h6 18.Bg4 h5 19.Bxe6 fxe6 20.Qe2 Rc6 21.Rd3 Qc7 22.Qd2 b5
23.cxb5 Nxe4 24.Nxe4 Rxc1+ 25.Kh2 d5 26.b6 Qc6 27.Nc4 Rxc4 28.bxc4 Qxb6 29.c5
Qc7 30.Nd6 e4 31.Rc3 Nf5 32.g3 d4 33.Rb3 Nxd6 34.cxd6 Qxd6 35.Qg5 Qd5 36.Qe7
Qd7 37.Qh4 d3 38.Rb7 d2 39.Rxd7 Rxd7 40.Qxh5 d1=Q 41.Qe8+ Kh7 42.Qxe6 Qd5 {#R}
0-1

[Event "5th POL-HUN Open 2017"]
[Site "Katowice POL"]
[Date "2017.05.20"]
[Round "3.19"]
[White "Lewicki,Mir"]
[Black "Janiszewski,M"]
[Result "1-0"]
[WhiteElo "2326"]
[BlackElo "2097"]

1.e4 d5 2.exd5 Nf6 3.d4 Bg4 4.Be2 Bxe2 5.Nxe2 Qxd5 6.O-O Nc6 7.Bf4 O-O-O
8.Nbc3 Qh5 9.h3 e5 10.Be3 Bc5 11.d5 Bxe3 12.fxe3 e4 13.Ng3 Qe5 14.Ngxe4 Nxd5
15.Qg4+ Kb8 16.Nxd5 Rxd5 17.Rxf7 Re8 18.Nc3 Qxe3+ 19.Kh1 Rg5 20.Qd7 Rc8 21.Rd1
a6 22.Qxc8+ {#r} 1-0

[Event "5th POL-HUN Open 2017"]
[Site "Katowice POL"]
[Date "2017.05.20"]
[Round "3.21"]
[White "Barski,R"]
[Black "Pawlowski,R"]
[Result "1-0"]
[WhiteElo "2412"]
[BlackElo "2077"]

1.e4 e5 2.Nf3 Nc6 3.Bb5 Bc5 4.O-O Nf6 5.c3 O-O 6.d4 exd4 7.cxd4 Bb6 8.Nc3 d6
9.h3 a6 10.Ba4 Ba7 11.Bc2 Re8 12.a3 b5 13.b4 Bb7 14.Qd3 Nd7 15.Bg5 f6 16.e5
Nf8 17.exf6 gxf6 18.Bh6 Ng6 19.h4 Qd7 20.h5 Nf8 21.Nd5 Re6 22.Bb3 Kh8 23.Nxc7
Qxc7 24.Bxf8 Ree8 25.Bh6 Nd8 26.Qf5 Qe7 27.Rae1 Ne6 28.Rxe6 Bxf3 29.Rxe7 {#r}
1-0

[Event "5th POL-HUN Open 2017"]
[Site "Katowice POL"]
[Date "2017.05.20"]
[Round "3.24"]
[White "Kumala,A"]
[Black "Klepek,Witold"]
[Result "1-0"]
[WhiteElo "2224"]
[BlackElo "2111"]

1.e4 e6 2.d3 d5 3.Nd2 Nf6 4.g3 c5 5.Bg2 Nc6 6.Ngf3 Be7 7.O-O Qc7 8.Re1 dxe4
9.dxe4 O-O 10.Nc4 Rd8 11.Qe2 e5 12.a4 Be6 13.b3 b6 14.c3 a6 15.Ng5 Bg4 16.f3
Bc8 17.Be3 h6 18.Nh3 Rb8 19.Bf2 Be6 20.Qc2 b5 21.axb5 axb5 22.Ne3 c4 23.bxc4
bxc4 24.Bf1 Na5 25.Qa4 Nb3 26.Rad1 Rdc8 27.Qa2 Nd7 28.Nd5 Bxd5 29.exd5 Bc5
30.Bxc5 Qxc5+ 31.Qf2 Qa5 32.Qe3 Rb5 33.d6 Qa6 34.f4 exf4 35.Nxf4 Re5 36.Qf2
Rce8 37.Rxe5 Rxe5 38.Bh3 Nbc5 39.Qd4 Nb3 40.Qf2 Nbc5 41.Qc2 Qb6 42.Kh1 Ne4
43.Ra1 Nf2+ 44.Kg2 Nxh3 45.Ra8+ Nb8 46.Kxh3 Qxd6 47.Qa4 Kh7 48.Qa7 Nd7 49.Rd8
Re7 50.Qa8 g5 51.Rh8+ Kg7 52.Qg8+ Kf6 53.Rxh6+ {#r} 1-0

[Event "5th POL-HUN Open 2017"]
[Site "Katowice POL"]
[Date "2017.05.20"]
[Round "3.25"]
[White "Dmochowska,A"]
[Black "Alvarado,C"]
[Result "1-0"]
[WhiteElo "2138"]
[BlackElo "2152"]

1.e4 c5 2.Nf3 Nc6 3.d4 cxd4 4.Nxd4 Qb6 5.Nxc6 bxc6 6.c4 Nf6 7.Nc3 e5 8.Be2 Bc5
9.O-O Bd4 10.Qd3 O-O 11.h4 d6 12.h5 h6 13.Rb1 Rb8 14.Na4 Qa5 15.b3 Be6 16.Kh1
d5 17.Bd2 dxe4 18.Qxd4 Qxa4 19.Qxe5 Qxa2 20.Rb2 Qa3 21.Bxh6 gxh6 22.Qxf6 Rxb3
23.Rxb3 Qxb3 24.Qxh6 Qb2 25.Qe3 f5 26.Rd1 a5 27.Qg5+ Qg7 28.Qd2 Qe5 29.Qg5+
Kf7 30.h6 Qf6 31.Bh5+ Ke7 32.Qf4 Bd7 33.Qc7 Rd8 34.Kg1 Qxh6 35.Qe5+ Be6
36.Qc5+ Kf6 37.Rxd8 Qxh5 38.Qf8+ Ke5 39.Qg7+ {#r} 1-0

[Event "5th POL-HUN Open 2017"]
[Site "Katowice POL"]
[Date "2017.05.20"]
[Round "3.32"]
[White "Acs,G"]
[Black "Rudecki,Bartosz"]
[Result "0-1"]
[WhiteElo "2144"]
[BlackElo "2007"]

1.e4 e5 2.Nf3 Nc6 3.Bb5 f5 4.d3 fxe4 5.dxe4 Nf6 6.Nc3 Bc5 7.Bg5 d6 8.h3 O-O
9.Nd5 Kh8 10.Qe2 Be6 11.O-O-O a6 12.Ba4 Bxd5 13.exd5 Nd4 14.Nxd4 Bxd4 15.c3
Ba7 16.Bc2 Qe8 17.f3 b5 18.Qd3 Qh5 19.h4 Rab8 20.g4 Qf7 21.Bd2 Qxd5 22.Qe2
Qxa2 23.g5 Nh5 24.g6 Ng3 25.Qg2 Nxh1 26.gxh7 Nf2 27.Rg1 Qa1+ 28.Bb1 Nd3+
29.Kc2 Bxg1 {#R} 0-1

[Event "5th POL-HUN Open 2017"]
[Site "Katowice POL"]
[Date "2017.05.20"]
[Round "4.1"]
[White "Janik,Igor"]
[Black "Azarov,S"]
[Result "0-1"]
[WhiteElo "2422"]
[BlackElo "2582"]

1.e4 c5 2.Nf3 Nc6 3.d4 cxd4 4.Nxd4 Qb6 5.Nb3 Nf6 6.Nc3 e6 7.Be3 Qc7 8.Bd3 a6
9.O-O d6 10.f4 b5 11.Qf3 Bb7 12.a4 b4 13.Ne2 Be7 14.g4 h6 15.Ng3 Nd7 16.Qf2
Na5 17.Bd4 Bf6 18.Nh5 Nxb3 19.Nxf6+ Nxf6 20.cxb3 Nxe4 21.Bxe4 Bxe4 22.Bxg7 Rg8
23.Qd4 Qc5 24.h3 Rxg7 {#R} 0-1